000 00453nam a2200145Ia 4500
008 151213s9999 xx 000 0 und d
100 _aঅনিকেত শামীম।
245 _aলোক
_cঅনিকেত শামীম।
260 _aঢাকা
_bলোক প্রকাশন।
_c2006
300 _a8436 p.
650 _aBangla
650 _aBengali Literature
700 _aঅনিকেত শামীম।
999 _c4274
_d4274